000 005130000a22001930004500
001 003546
003 MACL
005 20150731130313.0
008 150731b xxu||||| |||| 00| 0 eng d
040 _aMACL
_cMACL
041 _aEnglish
082 _a362.5/MEH
100 _aMehta, Aasha Kapur
_93733
245 _aChronic Poverty In India
_cAasha Kapur Mehta
260 _aNew Delhi
_c2003
_bIndian Institute Of Public Administration,
350 _a350
650 _aSocial Science
_93734
942 _k363
_cBK
_2ddc
999 _c15446
_d15446